Aspectos Humanos de la Forma Urbana : (Record no. 11748)
[ view plain ]
| 000 -LEADER | |
|---|---|
| campo de control de longitud fija | 00449nam a2200145Ia 4500 |
| 005 - FECHA Y HORA DE LA ÚLTIMA TRANSACCIÓN | |
| campo de control | 20260328104332.0 |
| 008 - DATOS DE LONGITUD FIJA--INFORMACIÓN GENERAL | |
| campo de control de longitud fija | 260328s9999||||xx |||||||||||||| ||und|| |
| 100 ## - ENTRADA PRINCIPAL--NOMBRE DE PERSONA | |
| Nombre de persona | Rapoport, Amos |
| 245 #0 - MENCIÓN DEL TÍTULO | |
| Título | Aspectos Humanos de la Forma Urbana : |
| Resto del título | Hacia una confrontación de las ciencias Sociales con el Diseño de la Forma Urbana. / |
| Mención de responsabilidad, etc. | Amos Rapoport |
| 250 ## - MENCION DE EDICION | |
| Mención de edición | Original |
| 260 ## - PUBLICACIÓN, DISTRIBUCIÓN, ETC. | |
| Nombre del editor, distribuidor, etc. | Gustavo Gili |
| 300 ## - DESCRIPCIÓN FÍSICA | |
| Extensión | 376 p. |
| 650 ## - PUNTO DE ACCESO ADICIONAL DE MATERIA--TÉRMINO DE MATERIA | |
| Término de materia o nombre geográfico como elemento de entrada | URBANISMO |
| 942 ## - ELEMENTOS DE ENTRADA SECUNDARIOS (KOHA) | |
| Tipo de ítem Koha | Libros |
| Estatus retirado | Estado de pérdida | Estado de daño | No para préstamo | Colección | Biblioteca de origen | Biblioteca actual | Ubicación en estantería | Fecha de adquisición | Número de inventario | Total de préstamos | Signatura topográfica completa | Código de barras | Visto por última vez | Copia número | Precio de reemplazo | Tipo de ítem Koha |
|---|---|---|---|---|---|---|---|---|---|---|---|---|---|---|---|---|
| General | Biblioteca Gonzalo Peláez Caldas | Biblioteca Gonzalo Peláez Caldas | Colección general | 28/03/2026 | 5998 | 711 R 1821 | 5998 | 28/03/2026 | 1 | 28/03/2026 | Libros |